000 01191nam a2200361Ic 4500
001 58915
003 CO-BoRNBP
005 20250829164951.0
007 ta
008 180815s2015 sp g 000 0 spa
020 _a9788467034646
040 _aCO-BoRNBP
_bspa
_erda
_cCO-BoRNBP
041 _aspa
082 0 4 _a321.07
_bM67u
100 _aMoro, Tomás
_eaut
_964390
245 1 0 _aUtopía /
_cTomás Moro ; prólogo de Fernando Savater ; edición y traducción Pedro Voltés.
250 _aDécima tercera edición
_bsegunda impresión
264 1 _aBarcelona, España :
_bAustral,
_c2015
300 _a163 páginas
336 _atexto
_btxt
_2rdacontent
337 _asin mediación
_bn
_2rdamedia
338 _avolumen
_bnc
_2rdacarrier
490 0 _aClásica : Humanidades ; 465
500 _aIncluye cronología
500 _aIncluye datos biográficos del autor en la parte inicial del libro
534 _tRecomendado para público adulto
650 0 7 _aCiencia política
_2lemb
650 0 7 _aFilosofía política
_2lemb
650 0 7 _aFilosofía y estado
_2lemb
_964391
650 0 7 _aUtopías
_2lemb
_962865
700 _aVoltes Bou, Pedro,
_d1929-
_964392
942 _2ddc
_cBK
999 _c58915
_d58915